000 00724 a2200229 4500
001 2162214035926007
003 UA-OsUOA
005 20250602152935.0
008 250523b un ||||| |||| 00| 0 ukr d
020 _a966951665
040 _aUA-OsUOA
_bukr
_cUA-OsUOA
_dUA-OsUOA
041 _aukr
080 _a082
090 _a082
245 _aНаукові записки
_nч. ІІ
260 _aОстрог
300 _a267 c.
505 _gт. I
650 _2UDC
_a082 Збірники творів різних авторів на різні теми
_920524
942 _cMG
_2udc
999 _c578825
_d578825